| 000 | 00504nam a22001697a 4500 | ||
|---|---|---|---|
| 999 |
_c41310 _d41310 |
||
| 003 | OSt | ||
| 005 | 20210428103017.0 | ||
| 008 | 210428b ||||| |||| 00| 0 eng d | ||
| 020 | _a9718182716650 | ||
| 040 | _coclc | ||
| 082 |
_a894.812301 _bKAR/N |
||
| 100 |
_91839 _a Karakunnu, Sheikh Mohammed |
||
| 245 |
_aNanmayude Pookkal/ _cSheikh Muhammed Karakkunnu |
||
| 260 |
_aKozhikode: _bIPH, _c2019. |
||
| 300 | _a48pages | ||
| 942 |
_2ddc _cBK _h894.812301 _iKAR/N _k894.812301 _mKAR/N |
||